000 004160000a22001570004500
020 _a0 521 060575
060 _a100
082 _a582.13012 CLA
100 _aRendle, Alfred Barton
245 _aClassification of flowering plants V.2 Dicotyledons
260 _aLondon, Cambridge university press
260 _c1975
300 _a640
650 _aFlowering plants- Classification/ Dicotyledons
942 _cBK
999 _c347569
_d347569